[Event "Barcelona Sant Marti op-A 25th"]
[Site "Barcelona"]
[Date "2025.07.21"]
[Round "9"]
[White "Suvradeepta, Das"]
[Black "Bivor, Adak"]
[Result "0-1"]
[WhiteElo "2230"]
[BlackElo "2140"]
[PlyCount "224"]
[EventDate "2025.07.13"]
[EventType "swiss"]
[EventRounds "9"]
[EventCountry "ESP"]
[SourceTitle "CB30_2025"]
[SourceDate "2025.07.23"]
[SourceVersion "1"]
[SourceVersionDate "2025.07.23"]
[SourceQuality "1"]

1. Nf3 c5 2. d4 cxd4 3. Nxd4 d5 4. Bf4 f6 5. Bg3 e5 6. Nb3 Nc6 7. e3 Be6 8. N1d2 Rc8 9. Be2 Nh6 10. 0-0 Be7 11. c3 0-0 12. f3 Nf7 13. Bf2 Qd7 14. Qb1 Rfd8 15. Rd1 Qc7 16. Nf1 Nd6 17. Ng3 g6 18. Nc5 Bf7 19. Nb3 f5 20. Nf1 Bf6 21. Qc2 Qe7 22. Rac1 Kg7 23. Qb1 h5 24. Re1 b6 25. Rcd1 Rc7 26. Na1 Be6 27. Nc2 Qf7 28. Qa1 g5 29. Na3 h4 30. Nb5 Nxb5 31. Bxb5 h3 32. g3 e4 33. f4 Ne7 34. Nd2 Ng6 35. Kh1 Kh8 36. Nb3 Qh7 37. Rd2 Rg8 38. Nd4 Bc8 39. Qd1 Ne7 40. Qe2 Rc5 41. Qf1 Qh5 42. Be2 Qh7 43. Red1 Re8 44. Bb5 Rf8 45. Be2 Re8 46. Qe1 Bd7 47. Qf1 Rec8 48. Ba6 Rd8 49. Be2 Rdc8 50. Qe1 Ra5 51. Ra1 Rac5 52. Bf1 Qh5 53. Qd1 Qxd1 54. Raxd1 g4 55. Kg1 Ra5 56. Ra1 Bxd4 57. Rxd4 Be6 58. Be1 Rac5 59. Rad1 Kg8 60. Ba6 Re8 61. Be2 Kf7 62. Kf2 Rc7 63. Bb5 Rec8 64. Ba6 Rb8 65. Bb5 Bd7 66. Be2 Be6 67. Bb5 Nc8 68. Be2 Nd6 69. b3 Nb7 70. Rc1 Nc5 71. Rcd1 a5 72. Bd2 Nd7 73. Bb5 Nf6 74. Be1 Rbc8 75. Ba6 Ra8 76. Bb5 Bd7 77. Be2 Be6 78. Bb5 Rc5 79. Be2 Bc8 80. c4 Ba6 81. b4 axb4 82. Bxb4 Rcc8 83. a3 Bxc4 84. Bxc4 dxc4 85. Rd6 c3 86. Rc1 b5 87. Rxc3 Rxc3 88. Bxc3 Ne8 89. Rd5 Rxa3 90. Rxf5+ Ke6 91. Re5+ Kd7 92. Bb4 Ra2+ 93. Kf1 Rxh2 94. Re7+ Kd8 95. Rxe4 Rb2 96. Kg1 Rg2+ 97. Kh1 Rxg3 98. f5 Rg2 99. f6 Rf2 100. Be7+ Kd7 101. Rd4+ Ke6 102. Rxg4 Nxf6 103. Bxf6 Kxf6 104. Rh4 Rb2 105. Rxh3 Ke5 106. Rh4 Kd5 107. Kg1 Re2 108. Rh5+ Kc4 109. Re5 b4 110. Kf1 Rh2 111. Re8 b3 112. Kg1 Rc2 0-1

[Event "Barcelona Sant Marti op-A 25th"]
[Site "Barcelona"]
[Date "2025.07.17"]
[Round "5"]
[White "Suvradeepta, Das"]
[Black "Narciso Dublan, Marc"]
[Result "1/2-1/2"]
[WhiteElo "2230"]
[BlackElo "2394"]
[PlyCount "286"]
[EventDate "2025.07.13"]
[EventType "swiss"]
[EventRounds "9"]
[EventCountry "ESP"]
[SourceTitle "CB30_2025"]
[SourceDate "2025.07.23"]
[SourceVersion "1"]
[SourceVersionDate "2025.07.23"]
[SourceQuality "1"]

1. Nf3 d6 2. d4 Nf6 3. Nc3 Nbd7 4. e4 e5 5. h3 c6 6. a4 Be7 7. g4 h6 8. Be3 Qa5 9. Qd2 Nf8 10. 0-0-0 Ng6 11. Kb1 a6 12. dxe5 dxe5 13. Nd5 Qxd2 14. Nxf6+ gxf6 15. Nxd2 b5 16. Be2 Nf4 17. Bxf4 exf4 18. Nb3 bxa4 19. Nd4 Bc5 20. f3 Bd7 21. Ka2 a5 22. Bc4 Ra7 23. Nf5 Be6 24. Bxe6 fxe6 25. Nd4 Kf7 26. Ne2 Be3 27. Nc3 h5 28. Nxa4 Ke7 29. Nc3 e5 30. Nb1 Ke6 31. Na3 Rah7 32. Rhf1 hxg4 33. hxg4 Rh2 34. c3 a4 35. Nc4 Bc5 36. Rd3 Re2 37. Rfd1 Rf2 38. R1d2 Rhh2 39. Kb1 Rxd2 40. Rxd2 Rh3 41. Rd3 Kf7 42. Kc2 Rh2+ 43. Rd2 Rh3 44. Rd3 Kg6 45. Kd1 Kg5 46. Na5 Rh1+ 47. Kc2 Be3 48. Rd1 Rh2+ 49. Kd3 Rxb2 50. Nxc6 Kh4 51. Ne7 Kg3 52. Nd5 Kxf3 53. Nxf6 a3 54. Ra1 a2 55. g5 Rd2+ 56. Kc4 Rg2 57. Kd5 Kg3 58. g6 Kh4 59. Kxe5 f3 60. Rh1+ Kg3 61. g7 Kf2 62. g8Q Rxg8 63. Nxg8 Bd2 64. Nh6 Kg2 65. Rd1 f2 66. Ng4 f1Q 67. Rxd2+ Kg3 68. Rxa2 Kxg4 69. Ra5 Qf4+ 70. Kd4 Qd2+ 71. Kc4 Kf4 72. Rd5 Qe2+ 73. Kb3 Kxe4 74. Rd4+ Ke3 75. Rd5 Qg2 76. Rd4 Qb7+ 77. Kc4 Qb1 78. Rd5 Qa2+ 79. Kc5 Qb3 80. c4 Ke4 81. Rd4+ Ke5 82. Rd5+ Ke6 83. Rd6+ Ke7 84. Rd5 Qc3 85. Kb5 Ke6 86. Kc5 Qb2 87. Rd6+ Ke5 88. Rd5+ Ke4 89. Rd6 Qa3+ 90. Kc6 Qb4 91. c5 Qa5 92. Rd7 Ke5 93. Rd5+ Ke6 94. Rd6+ Ke7 95. Rd7+ Ke8 96. Rd6 Qa8+ 97. Kb6 Ke7 98. Kc7 Qa5+ 99. Kc6 Qa6+ 100. Kd5 Qb7+ 101. Kc4 Qb1 102. Kd5 Qb5 103. Kd4 Qb3 104. Rb6 Qd1+ 105. Kc4 Qf1+ 106. Kb4 Kd7 107. Rd6+ Kc7 108. Rb6 Qb1+ 109. Kc4 Qa2+ 110. Kb4 Qd2+ 111. Kc4 Qf4+ 112. Kb5 Qf3 113. Kc4 Qe4+ 114. Kb5 Qd3+ 115. Kb4 Qd4+ 116. Kb5 Qb2+ 117. Kc4 Qa3 118. Rd6 Qa4+ 119. Kd5 Qg4 120. Rc6+ Kd7 121. Rd6+ Ke7 122. Rb6 Qf5+ 123. Kd4 Kd7 124. Rd6+ Kc7 125. Rb6 Qc2 126. Rd6 Qb2+ 127. Kc4 Qa3 128. Rb6 Qa4+ 129. Kd5 Qa2+ 130. Kd4 Qd2+ 131. Kc4 Qe2+ 132. Kd4 Qf1 133. Rd6 Qa1+ 134. Kc4 Qa4+ 135. Kd5 Qb5 136. Kd4 Qb4+ 137. Kd5 Qc3 138. Rc6+ Kb7 139. Rb6+ Ka7 140. Kc6 Qf3+ 141. Kb5 Qe4 142. Ra6+ Kb7 143. Rb6+ Kc7 1/2-1/2

[Event "Barcelona Sant Marti op-A 25th"]
[Site "Barcelona"]
[Date "2025.07.14"]
[Round "2"]
[White "Al Ibrahim, Abdulrahman"]
[Black "Suvradeepta, Das"]
[Result "0-1"]
[WhiteElo "1971"]
[BlackElo "2230"]
[PlyCount "78"]
[EventDate "2025.07.13"]
[EventType "swiss"]
[EventRounds "9"]
[EventCountry "ESP"]
[SourceTitle "CB30_2025"]
[SourceDate "2025.07.23"]
[SourceVersion "1"]
[SourceVersionDate "2025.07.23"]
[SourceQuality "1"]

1. e4 c6 2. d4 d5 3. exd5 cxd5 4. Bd3 Nc6 5. c3 Qc7 6. h3 Nf6 7. Nf3 g6 8. 0-0 Bf5 9. Re1 Bxd3 10. Qxd3 Bg7 11. Be3 0-0 12. Nbd2 e6 13. Nb3 Nd7 14. Qd2 a5 15. Bf4 Qb6 16. Nc1 a4 17. a3 Na5 18. Qe2 Nb3 19. Rb1 Nxc1 20. Rbxc1 Rfc8 21. h4 h5 22. Rc2 Ra5 23. Qd1 Qd8 24. Rce2 Nf6 25. Bg5 Qc7 26. Ne5 Ne4 27. Bf4 Qd8 28. g3 Ra6 29. f3 Nd6 30. Qd3 Nf5 31. Rh2 f6 32. Nxg6 Qe8 33. Qxf5 exf5 34. Rxe8+ Rxe8 35. Bd2 Rb6 36. Nf4 Rxb2 37. Rf2 Bh6 38. Kg2 Bxf4 39. Bxf4 Ree2 0-1

[Event "Barcelona Sant Marti op-A 25th"]
[Site "Barcelona"]
[Date "2025.07.13"]
[Round "1"]
[White "Suvradeepta, Das"]
[Black "Eedle, Eric F"]
[Result "1-0"]
[WhiteElo "2230"]
[BlackElo "1978"]
[PlyCount "123"]
[EventDate "2025.07.13"]
[EventType "swiss"]
[EventRounds "9"]
[EventCountry "ESP"]
[SourceTitle "CB30_2025"]
[SourceDate "2025.07.23"]
[SourceVersion "1"]
[SourceVersionDate "2025.07.23"]
[SourceQuality "1"]

1. d4 d5 2. Nf3 Nf6 3. Bg5 Nbd7 4. Nbd2 h6 5. Bh4 c6 6. e3 e6 7. Bd3 Be7 8. 0-0 0-0 9. c4 c5 10. Rc1 b6 11. Qe2 Bb7 12. b3 Ne4 13. Bxe7 Qxe7 14. cxd5 exd5 15. Bb5 Ndf6 16. Rc2 a6 17. Bd3 Rfe8 18. Rfc1 Qd6 19. Nf1 a5 20. Bb5 Re7 21. h3 Qe6 22. Qd1 Nd6 23. Bd3 Nfe4 24. a4 Rc8 25. N3d2 cxd4 26. Rxc8+ Bxc8 27. exd4 Bb7 28. Nf3 Re8 29. Qe1 Rc8 30. Ne3 g6 31. Ng4 Kg7 32. Nge5 Nf5 33. Ng4 h5 34. Rxc8 Qxc8 35. Ne3 Nxe3 36. Qxe3 Nf6 37. Ne5 Qc7 38. Qf4 Qe7 39. Kh2 Nd7 40. Nxd7 Qxd7 41. Qe5+ f6 42. Qg3 Qf7 43. Qb8 Qd7 44. h4 Qe7 45. Qg3 Qf7 46. Qd6 g5 47. Qxb6 gxh4 48. Qxa5 Qd7 49. Qb6 Bc8 50. Qb8 Qg4 51. Qc7+ Kf8 52. Qd6+ Kg8 53. Qd8+ Kf7 54. Qc7+ Ke8 55. Bg6+ Qxg6 56. Qxc8+ Ke7 57. Qc5+ Ke8 58. Qc6+ Ke7 59. Qc5+ Ke8 60. Qxd5 Qg4 61. Qf3 Qxd4 62. Qe3+ 1-0

[Event "Titled Tuesday intern op 06th May Early"]
[Site "Chess.com INT"]
[Date "2025.05.06"]
[Round "4"]
[White "Harriott, Tyrell"]
[Black "Suvradeepta, Das"]
[Result "0-1"]
[WhiteElo "1924"]
[BlackElo "2254"]
[PlyCount "70"]
[EventDate "2025.05.06"]
[EventType "swiss (blitz)"]
[EventRounds "11"]
[EventCountry "USA"]
[SourceTitle "CB20_2025"]
[SourceDate "2025.05.14"]
[SourceVersion "1"]
[SourceVersionDate "2025.05.14"]
[SourceQuality "1"]

1. d4 Nf6 2. e3 g6 3. Bd3 Bg7 4. f4 b6 5. Nf3 Bb7 6. 0-0 0-0 7. f5 d6 8. Qe1 e5 9. fxe6 fxe6 10. Ng5 Qe8 11. Qh4 h6 12. Nh3 g5 13. Qe1 Be4 14. Nd2 Bxd3 15. cxd3 e5 16. dxe5 Qxe5 17. Nf3 Qe7 18. Nf2 Nbd7 19. Nd4 Nd5 20. e4 Bxd4 21. Qe2 Nf4 22. Bxf4 Rxf4 23. Kh1 Raf8 24. Nh3 Rxf1+ 25. Rxf1 Rxf1+ 26. Qxf1 Qf7 27. Qc1 Ne5 28. b3 c5 29. Qd1 g4 30. Ng1 Bxg1 31. Kxg1 Qf4 32. a4 Nc6 33. Qc2 Nd4 34. Qc4+ Kg7 35. g3 Ne2+ 0-1

[Event "Titled Tuesday intern op 06th May Early"]
[Site "Chess.com INT"]
[Date "2025.05.06"]
[Round "1"]
[White "Horobetz, Graham"]
[Black "Suvradeepta, Das"]
[Result "0-1"]
[WhiteElo "2250"]
[BlackElo "2254"]
[PlyCount "60"]
[EventDate "2025.05.06"]
[EventType "swiss (blitz)"]
[EventRounds "11"]
[EventCountry "USA"]
[SourceTitle "CB20_2025"]
[SourceDate "2025.05.14"]
[SourceVersion "1"]
[SourceVersionDate "2025.05.14"]
[SourceQuality "1"]

1. e4 e6 2. d4 c5 3. Nd2 cxd4 4. Ngf3 Nc6 5. Nb3 e5 6. Bc4 Nf6 7. 0-0 Be7 8. c3 dxc3 9. bxc3 0-0 10. Re1 a6 11. a4 Qc7 12. a5 d6 13. Qe2 Bg4 14. h3 Bxf3 15. Qxf3 Nd4 16. cxd4 Qxc4 17. Ba3 Rfe8 18. Rec1 Qb5 19. Rc7 Bd8 20. Bxd6 Bxc7 21. Bxc7 exd4 22. e5 Nd5 23. Bd6 d3 24. Nd2 Qb2 25. Qd1 Nc3 26. Qe1 Rad8 27. Ba3 Ne2+ 28. Kh1 Qxe5 29. Nf3 Qd5 30. Qd2 Nd4 0-1

[Event "Titled Tuesday intern op 06th May Early"]
[Site "Chess.com INT"]
[Date "2025.05.06"]
[Round "3"]
[White "Suvradeepta, Das"]
[Black "Dogan, Umut Anil"]
[Result "0-1"]
[WhiteElo "2254"]
[BlackElo "2123"]
[PlyCount "162"]
[EventDate "2025.05.06"]
[EventType "swiss (blitz)"]
[EventRounds "11"]
[EventCountry "USA"]
[SourceTitle "CB20_2025"]
[SourceDate "2025.05.14"]
[SourceVersion "1"]
[SourceVersionDate "2025.05.14"]
[SourceQuality "1"]

1. c4 e5 2. g3 d5 3. Bg2 c6 4. cxd5 cxd5 5. d3 Nf6 6. Nf3 Bb4+ 7. Bd2 Bxd2+ 8. Qxd2 Nc6 9. 0-0 0-0 10. Nc3 h6 11. Rac1 Be6 12. Rfd1 d4 13. Na4 Bxa2 14. Nc5 b6 15. b3 bxc5 16. Qxa2 Qd6 17. Nd2 Rab8 18. Nc4 Qc7 19. Bxc6 Qxc6 20. Nxe5 Qe6 21. Rxc5 Nd5 22. Nc6 Nc3 23. Nxd4 Nxa2 24. Nxe6 fxe6 25. Ra1 Nb4 26. Rxa7 Rf7 27. Ra4 Rfb7 28. Re5 Kf7 29. h4 Nc6 30. Rc5 Nd8 31. Rf4+ Kg8 32. b4 Rxb4 33. Rxb4 Rxb4 34. Rc8 Rd4 35. Kg2 Kf7 36. Kf3 Kf6 37. Ke3 Rd7 38. Ra8 Nf7 39. Ra4 Nd6 40. g4 e5 41. Ra6 Ke6 42. d4 Kd5 43. Ra5+ Kc6 44. Ra4 exd4+ 45. Rxd4 Re7+ 46. Kf3 Kd7 47. e3 Ke6 48. Ra4 Rf7+ 49. Kg2 Rc7 50. Ra6 Rc4 51. Kf3 h5 52. gxh5 Rxh4 53. Ra7 Nf7 54. Ra5 Kf6 55. Kg3 Re4 56. Kf3 Re6 57. Kg4 Ne5+ 58. Kh4 Nd3 59. Kg3 Nc1 60. Ra1 Ne2+ 61. Kf3 Nc3 62. Rc1 Ne4 63. Ra1 Re5 64. Ra6+ Kf5 65. Rg6 Re7 66. Rg1 Nf6 67. Rh1 Kg5 68. Kg2 Nxh5 69. f4+ Kg4 70. Kf2 g6 71. Rg1+ Kf5 72. Kf3 Kf6 73. e4 Ra7 74. e5+ Kf7 75. Kg4 Ng7 76. Kg5 Ne6+ 77. Kg4 Ra4 78. Rf1 g5 79. Kf5 Rxf4+ 80. Rxf4 gxf4 81. Kg4 Kg6 0-1

[Event "Titled Tuesday intern op 06th May Early"]
[Site "Chess.com INT"]
[Date "2025.05.06"]
[Round "6"]
[White "Suvradeepta, Das"]
[Black "Vedder, Richard"]
[Result "0-1"]
[WhiteElo "2254"]
[BlackElo "2248"]
[PlyCount "100"]
[EventDate "2025.05.06"]
[EventType "swiss (blitz)"]
[EventRounds "11"]
[EventCountry "USA"]
[SourceTitle "CB20_2025"]
[SourceDate "2025.05.14"]
[SourceVersion "1"]
[SourceVersionDate "2025.05.14"]
[SourceQuality "1"]

1. e4 e5 2. Nf3 Nc6 3. Bc4 Nf6 4. d3 h6 5. 0-0 d6 6. c3 g6 7. b4 Bg7 8. a4 0-0 9. h3 a5 10. b5 Ne7 11. Na3 g5 12. Nh2 Ng6 13. Nc2 d5 14. exd5 Nxd5 15. Bb2 Ndf4 16. Ne3 Kh7 17. Re1 f5 18. Qb3 b6 19. Nd5 Bb7 20. Nxf4 Nxf4 21. f3 Re8 22. Rad1 Bf8 23. Nf1 Bc5+ 24. d4 exd4 25. Rxe8 Qxe8 26. cxd4 Bd6 27. Qe3 Qxe3+ 28. Nxe3 Kg6 29. g3 Nxh3+ 30. Kg2 g4 31. Nxg4 fxg4 32. d5 Rf8 33. f4 Bc8 34. Bd3+ Bf5 35. Rd2 Re8 36. Bxf5+ Kxf5 37. Be5 h5 38. Bxd6 cxd6 39. Rc2 h4 40. gxh4 Nxf4+ 41. Kg3 Re3+ 42. Kf2 Rf3+ 43. Kg1 g3 44. Rc6 Kg4 45. Rxd6 Kh3 46. Rc6 Nxd5 47. Rc2 Ne3 48. Rc1 g2 49. h5 Rf1+ 50. Rxf1 gxf1Q# 0-1

[Event "Titled Tuesday intern op 25th Mar Early"]
[Site "Chess.com INT"]
[Date "2025.03.25"]
[Round "5"]
[White "Suvradeepta, Das"]
[Black "Pribelszky, Bence Daniel"]
[Result "0-1"]
[WhiteElo "2324"]
[BlackElo "2400"]
[PlyCount "82"]
[EventDate "2025.03.25"]
[EventType "swiss (blitz)"]
[EventRounds "11"]
[EventCountry "USA"]
[SourceTitle "CB14_2025"]
[SourceDate "2024.11.01"]
[SourceVersion "1"]
[SourceVersionDate "2024.11.01"]
[SourceQuality "1"]

1. d4 d6 2. e4 Nf6 3. Nc3 e5 4. Nf3 Nbd7 5. Be2 Be7 6. 0-0 0-0 7. h3 c6 8. a3 a5 9. Be3 a4 10. Re1 Qc7 11. Qd2 Re8 12. Rad1 exd4 13. Nxd4 Nc5 14. f3 b5 15. Bf4 Nfd7 16. Nf5 Qa7 17. Kh1 Ne5 18. Nxd6 Bxd6 19. Qxd6 Nb7 20. Qc7 Ng6 21. Qxc6 Bxh3 22. Bh2 Bxg2+ 23. Kxg2 Nh4+ 24. Kf1 Re6 25. Qc7 Rg6 26. Qd7 h5 27. Qd4 Qa6 28. Bxb5 Qe6 29. Ke2 Rg2+ 30. Kd3 Rd8 31. Qxd8+ Nxd8 32. Bf4 Nxf3 33. Be3 Nxe1+ 34. Rxe1 Nc6 35. Bc4 Ne5+ 36. Kd4 Nxc4 37. Nd5 Ne5 38. c4 Rxb2 39. c5 Nc6+ 40. Kc4 Qxe4+ 41. Kc3 Rc2# 0-1

[Event "Titled Tuesday intern op 11th Mar Early"]
[Site "Chess.com INT"]
[Date "2025.03.11"]
[Round "4"]
[White "Purushothaman, Thirumalai"]
[Black "Suvradeepta, Das"]
[Result "0-1"]
[WhiteElo "2027"]
[BlackElo "2324"]
[PlyCount "158"]
[EventDate "2025.03.11"]
[EventType "swiss (blitz)"]
[EventRounds "11"]
[EventCountry "USA"]
[SourceTitle "CB12_2025"]
[SourceDate "2025.03.19"]
[SourceVersion "1"]
[SourceVersionDate "2025.03.19"]
[SourceQuality "1"]

1. e4 g6 2. d4 Bg7 3. Nf3 c6 4. c4 d5 5. cxd5 cxd5 6. e5 Nc6 7. Nc3 f6 8. Bf4 Nh6 9. Bb5 0-0 10. 0-0 Bg4 11. exf6 Bxf3 12. Qxf3 Nxd4 13. Qxd5+ Qxd5 14. Nxd5 exf6 15. Bc4 Kh8 16. Rad1 Nhf5 17. Rd3 Rac8 18. Nc7 Ne2+ 19. Kh1 Nxf4 20. Rd7 Rfd8 21. Rxd8+ Rxd8 22. g3 Nh3 23. g4 Nd4 24. Rd1 Nf4 25. Nb5 f5 26. gxf5 gxf5 27. Nxa7 Bf6 28. Nb5 Nxb5 29. Rxd8+ Bxd8 30. Bxb5 Kg7 31. Kg1 Kf6 32. Kf1 h6 33. a4 Ke5 34. b4 Nd5 35. a5 Nxb4 36. a6 bxa6 37. Bc4 a5 38. Bb3 Na6 39. Ba4 Nc5 40. Bb5 a4 41. Bc4 a3 42. Ba2 Na6 43. Bc4 Nb4 44. Bb3 a2 45. Bxa2 Nxa2 46. Kg2 Kf4 47. f3 Nb4 48. h3 Nc2 49. h4 h5 50. Kh2 Kxf3 51. Kh3 Kf4 52. Kh2 Kg4 53. Kg2 Nb4 54. Kh1 Nc6 55. Kg2 Nb8 56. Kh2 Kxh4 57. Kg2 Kg4 58. Kh2 f4 59. Kg2 f3+ 60. Kg1 Kg3 61. Kf1 f2 62. Ke2 Kg2 63. Ke3 f1Q 64. Ke4 h4 65. Kd5 h3 66. Kd6 h2 67. Kd5 Qf6 68. Kc5 Qc6+ 69. Kd4 Bf6+ 70. Ke3 Qe6+ 71. Kd3 h1Q 72. Kc2 Qe2+ 73. Kb3 Qa1 74. Kb4 Qb1+ 75. Kc5 Qc1+ 76. Kd6 Qcd1+ 77. Kc7 Qec2+ 78. Kxb8 Qdb1+ 79. Ka7 Qca2# 0-1

[Event "Titled Tuesday intern op 11th Mar Early"]
[Site "Chess.com INT"]
[Date "2025.03.11"]
[Round "9"]
[White "Suvradeepta, Das"]
[Black "Venkatesh, Narayan"]
[Result "0-1"]
[WhiteElo "2324"]
[BlackElo "2203"]
[PlyCount "49"]
[EventDate "2025.03.11"]
[EventType "swiss (blitz)"]
[EventRounds "11"]
[EventCountry "USA"]
[SourceTitle "CB12_2025"]
[SourceDate "2025.03.19"]
[SourceVersion "1"]
[SourceVersionDate "2025.03.19"]
[SourceQuality "1"]

1. c4 c5 2. b3 Nc6 3. Bb2 Nf6 4. Nc3 g6 5. Nf3 Bg7 6. g3 0-0 7. Bg2 d6 8. 0-0 e5 9. Rc1 h6 10. a3 Be6 11. Qc2 Qd7 12. Rfd1 a6 13. Qb1 Rab8 14. a4 Nd4 15. Nxd4 exd4 16. Ne4 b5 17. axb5 axb5 18. Nxf6+ Bxf6 19. Bd5 bxc4 20. Bxe6 Qxe6 21. Rxc4 Rxb3 22. Qc1 Rxb2 23. Qxb2 Qxc4 24. d3 Qe6 25. Ra1 0-1

[Event "Titled Tuesday intern op 11th Mar Early"]
[Site "Chess.com INT"]
[Date "2025.03.11"]
[Round "5"]
[White "Vasilenok, Anton"]
[Black "Suvradeepta, Das"]
[Result "0-1"]
[WhiteElo "2137"]
[BlackElo "2324"]
[PlyCount "146"]
[EventDate "2025.03.11"]
[EventType "swiss (blitz)"]
[EventRounds "11"]
[EventCountry "USA"]
[SourceTitle "CB12_2025"]
[SourceDate "2025.03.19"]
[SourceVersion "1"]
[SourceVersionDate "2025.03.19"]
[SourceQuality "1"]

1. e4 g6 2. d4 Bg7 3. Nc3 c6 4. f4 d5 5. e5 f6 6. Nf3 Bg4 7. h3 Bxf3 8. Qxf3 Nh6 9. g4 0-0 10. Qg3 fxe5 11. fxe5 e6 12. Ne2 c5 13. c3 Nc6 14. Bd2 Qb6 15. Qd3 cxd4 16. cxd4 Qxb2 17. Rb1 Qxa2 18. Rxb7 Rab8 19. Rxb8 Rxb8 20. Kf2 Rb3 21. Qe3 Rxe3 22. Bxe3 a5 23. Bg2 a4 24. Rc1 Ne7 25. Rc7 Qa3 26. Bg5 Bf8 27. Rc8 Nf7 28. Bc1 Qb4 29. Ra8 Nc6 30. Ke3 a3 31. Bxa3 Qxa3+ 32. Rxa3 Bxa3 33. Nf4 Ncd8 34. Bf1 Be7 35. Ba6 Bg5 36. Kf3 Bxf4 37. Kxf4 Kf8 38. Bc8 Ke7 39. h4 h6 40. g5 hxg5+ 41. hxg5 Nc6 42. Ke3 Nxg5 43. Ba6 Nf7 44. Bd3 g5 45. Be2 Nh6 46. Kd3 Nf5 47. Bg4 Ncxd4 48. Kd2 Nc6 49. Ke2 Nxe5 50. Bh3 Kf6 51. Bg2 g4 52. Kd1 Nd6 53. Ke2 Kg5 54. Ke3 Nc6 55. Kf2 Kf4 56. Kg1 Ne4 57. Bf1 Ne5 58. Kg2 Nf3 59. Ba6 Nd4 60. Bd3 Nf5 61. Ba6 Ned6 62. Bd3 Ne7 63. Ba6 Nc4 64. Bc8 e5 65. Bb7 e4 66. Kf1 e3 67. Ke2 g3 68. Kf1 Ne5 69. Kg2 e2 70. Bxd5 Nxd5 71. Kh3 e1Q 72. Kg2 Qf2+ 73. Kh3 Qh2# 0-1

[Event "Titled Tuesday intern op 04th Mar Early"]
[Site "Chess.com INT"]
[Date "2025.03.04"]
[Round "3"]
[White "Manukian, Artak"]
[Black "Suvradeepta, Das"]
[Result "1-0"]
[WhiteElo "2104"]
[BlackElo "2324"]
[PlyCount "87"]
[EventDate "2025.03.04"]
[EventType "swiss (blitz)"]
[EventRounds "11"]
[EventCountry "USA"]
[SourceTitle "CB11_2025"]
[SourceDate "2025.03.12"]
[SourceVersion "1"]
[SourceVersionDate "2025.03.12"]
[SourceQuality "1"]

1. e4 g6 2. d4 Bg7 3. c4 Nc6 4. Be3 e5 5. d5 Nd4 6. Ne2 c5 7. dxc6 dxc6 8. Nbc3 Ne7 9. Qd2 Be6 10. 0-0-0 Bxc4 11. Nxd4 Bxf1 12. Rhxf1 exd4 13. Bxd4 0-0 14. Bxg7 Kxg7 15. Qg5 Qe8 16. f4 f6 17. Qa5 Ng8 18. g4 b6 19. Qa6 Rf7 20. Rfe1 Rd8 21. Rxd8 Qxd8 22. e5 fxe5 23. Rxe5 Qd4 24. Ne2 Qf2 25. Qd3 Nh6 26. h3 Ng8 27. Qe3 Qxe3+ 28. Rxe3 Re7 29. Kd2 Kf6 30. Nd4 Rxe3 31. Kxe3 Ne7 32. Ke4 h5 33. g5+ Kf7 34. f5 gxf5+ 35. Nxf5 Nxf5 36. Kxf5 c5 37. h4 b5 38. Ke5 c4 39. Kd4 a6 40. Kc3 Ke6 41. Kb4 Kd5 42. Ka5 Ke5 43. a3 Kf5 44. Kxa6 1-0

[Event "Titled Tuesday intern op 04th Mar Early"]
[Site "Chess.com INT"]
[Date "2025.03.04"]
[Round "5"]
[White "Suvradeepta, Das"]
[Black "Asensio Ramos, Enrique Fernando"]
[Result "0-1"]
[WhiteElo "2324"]
[BlackElo "2227"]
[PlyCount "194"]
[EventDate "2025.03.04"]
[EventType "swiss (blitz)"]
[EventRounds "11"]
[EventCountry "USA"]
[SourceTitle "CB11_2025"]
[SourceDate "2025.03.12"]
[SourceVersion "1"]
[SourceVersionDate "2025.03.12"]
[SourceQuality "1"]

1. b3 d5 2. Bb2 Bf5 3. g3 e6 4. Bg2 h6 5. Nf3 c6 6. 0-0 Nf6 7. d3 Be7 8. Nbd2 0-0 9. Re1 a5 10. a3 Na6 11. Ne5 Qc7 12. h3 Rad8 13. Ndf3 Bh7 14. Qc1 Nc5 15. g4 Nfd7 16. g5 hxg5 17. Nxd7 Nxd7 18. Nxg5 Bg6 19. e4 dxe4 20. Nxe4 Nf6 21. Nxf6+ Bxf6 22. Bxf6 gxf6 23. Qh6 Rd4 24. Re3 Qf4 25. Qxf4 Rxf4 26. Rae1 Rc8 27. a4 b5 28. Be4 f5 29. Bg2 bxa4 30. bxa4 Rxa4 31. Rb1 f4 32. Re5 Ra2 33. Rc5 a4 34. Rb6 Ra1+ 35. Kh2 a3 36. Rcxc6 Rxc6 37. Rxc6 Kg7 38. Ra6 Kf6 39. h4 Bf5 40. Bh3 Bh7 41. Kg2 Ra2 42. Kf3 Rxc2 43. Rxa3 Rc1 44. Ke2 Rh1 45. Bg2 Rxh4 46. Be4 Bxe4 47. dxe4 Ke5 48. Ra7 f6 49. Ra6 Kxe4 50. Rxe6+ Kf5 51. Ra6 Rh3 52. Ra5+ Kg4 53. Ra8 Rb3 54. Rg8+ Kf5 55. Ra8 Rb5 56. Ra6 Rc5 57. Ra8 Ke4 58. Ra4+ Ke5 59. Ra8 Rd5 60. Re8+ Kf5 61. Ra8 Re5+ 62. Kf3 Rd5 63. Rb8 Rd3+ 64. Ke2 Rc3 65. Ra8 Rc2+ 66. Kf3 Rc3+ 67. Ke2 f3+ 68. Ke1 Rc1+ 69. Kd2 Rc5 70. Ke3 Rc3+ 71. Kd2 Rb3 72. Rf8 Ke5 73. Re8+ Kf4 74. Rf8 f5 75. Ra8 Rb2+ 76. Kd3 Rxf2 77. Ra5 Re2 78. Ra4+ Kg3 79. Ra8 Re7 80. Rg8+ Kf2 81. Rf8 Rd7+ 82. Kc2 Ke1 83. Rxf5 f2 84. Re5+ Kf1 85. Rf5 Kg2 86. Rg5+ Kf3 87. Rf5+ Ke3 88. Rf8 Rc7+ 89. Kd1 Rd7+ 90. Kc2 Rd4 91. Kc3 Rf4 92. Re8+ Kf3 93. Rd8 f1Q 94. Rd3+ Ke4 95. Rd4+ Ke5 96. Rc4 Qxc4+ 97. Kb2 Rf2+ 0-1

[Event "Titled Tuesday intern op 04th Mar Early"]
[Site "Chess.com INT"]
[Date "2025.03.04"]
[Round "4"]
[White "Suvradeepta, Das"]
[Black "Ernst, Robert"]
[Result "1-0"]
[WhiteElo "2324"]
[BlackElo "2359"]
[PlyCount "59"]
[EventDate "2025.03.04"]
[EventType "swiss (blitz)"]
[EventRounds "11"]
[EventCountry "USA"]
[SourceTitle "CB11_2025"]
[SourceDate "2025.03.12"]
[SourceVersion "1"]
[SourceVersionDate "2025.03.12"]
[SourceQuality "1"]

1. b3 e5 2. Bb2 Nc6 3. g3 Nf6 4. Bg2 d5 5. e3 Bd6 6. Ne2 0-0 7. 0-0 Re8 8. c4 dxc4 9. bxc4 e4 10. Nbc3 Bf5 11. Rb1 h5 12. Ba1 Rb8 13. Rb5 Bg6 14. Nd5 Nxd5 15. Rxd5 Ne7 16. Rb5 a6 17. Rb3 h4 18. Qb1 Nc6 19. Rxb7 Qd7 20. Rxb8 Rxb8 21. Qc2 Nb4 22. Qc3 Bf8 23. Nf4 Bh7 24. a3 Nd3 25. Nxd3 exd3 26. gxh4 Qa4 27. h5 Qxa3 28. Qxa3 Bxa3 29. Be5 Rb7 30. Bxb7 1-0

[Event "Titled Tuesday intern op 04th Feb Early"]
[Site "Chess.com INT"]
[Date "2025.02.04"]
[Round "8"]
[White "Skytte, Rasmus"]
[Black "Suvradeepta, Das"]
[Result "0-1"]
[WhiteElo "2335"]
[BlackElo "2324"]
[PlyCount "112"]
[EventDate "2025.02.04"]
[EventType "swiss (blitz)"]
[EventRounds "11"]
[EventCountry "USA"]
[SourceTitle "CB07_2025"]
[SourceDate "2025.02.12"]
[SourceVersion "1"]
[SourceVersionDate "2025.02.12"]
[SourceQuality "1"]

1. e4 c6 2. d4 d6 3. Nd2 Nf6 4. h3 g6 5. Ngf3 Bg7 6. Bd3 Qc7 7. 0-0 0-0 8. Re1 b5 9. c3 Bb7 10. Nf1 Nbd7 11. Ng3 a6 12. Bf4 e5 13. Bg5 h6 14. Bxf6 Bxf6 15. Qd2 Bg7 16. Rac1 Qa5 17. b3 exd4 18. cxd4 Qxd2 19. Nxd2 Bxd4 20. Ne2 Bg7 21. f4 c5 22. Nf3 Rfe8 23. Nc3 Nb6 24. Kf2 Re7 25. Nd5 Nxd5 26. exd5 Rae8 27. Rxe7 Rxe7 28. Rd1 Bxd5 29. Bxg6 Bxf3 30. Rxd6 fxg6 31. Kxf3 c4 32. bxc4 bxc4 33. Rxg6 Rc7 34. Rd6 c3 35. Rd8+ Kh7 36. Rd1 c2 37. Rc1 Bb2 38. Rxc2 Rxc2 39. Ke4 Rxg2 40. f5 Bf6 41. Kd5 Rxa2 42. Ke6 Kg7 43. h4 Rh2 44. h5 Rxh5 45. Kd6 Rxf5 46. Kc6 Re5 47. Kb6 a5 48. Ka6 a4 49. Kb7 a3 50. Kc7 a2 51. Kd7 a1Q 52. Kc6 Qd1 53. Kb7 Rc5 54. Kb6 Rc2 55. Ka5 Qb1 56. Ka4 Ra2# 0-1